Narrative of the travels and adventures of Monsieur Violet, in California, Sonora, and Western Texas (Record no. 2684)

MARC details
000 -CABECERA
campo de control de longitud fija 00827nam a2200241 a 4500
001 - NÚMERO DE CONTROL
campo de control BRCA_2945
005 - FECHA Y HORA DE LA ÚLTIMA TRANSACCIÓN
campo de control 20190320204035.0
008 - DATOS DE LONGITUD FIJA--INFORMACIÓN GENERAL
campo de control de longitud fija 161208s1843----enka---###---#000-0#eng-u
050 #4 - SIGNATURA TOPOGRÁFICA DE LA BIBLIOTECA DEL CONGRESO
Número de clasificación F1211.V5
Número de documento/Ítem .M37 1843
100 1# - ENTRADA PRINCIPAL--NOMBRE DE PERSONA
Nombre de persona Marryat, Frederick
9 (RLIN) 8193
245 10 - MENCIÓN DE TÍTULO
Título Narrative of the travels and adventures of Monsieur Violet, in California, Sonora, and Western Texas
Mención de responsabilidad, etc. written by Capt. Marryat, C. B.
260 ## - PUBLICACIÓN, DISTRIBUCIÓN, ETC.
Lugar de publicación, distribución, etc. Londres
Nombre del editor, distribuidor, etc. Longmans
Fecha de publicación, distribución, etc. 1843
300 ## - DESCRIPCIÓN FÍSICA
Extensión 3 v.
Otras características físicas il.
Dimensiones 19 cm.
500 ## - NOTA GENERAL
Nota general La biblioteca cuenta con el v.2 y v.3
500 ## - NOTA GENERAL
Nota general B101
650 14 - PUNTO DE ACCESO ADICIONAL DE MATERIA--TÉRMINO DE MATERIA
Término de materia o nombre geográfico como elemento de entrada Viajeros ingleses
9 (RLIN) 7018
651 #4 - PUNTO DE ACCESO ADICIONAL DE MATERIA--NOMBRE GEOGRÁFICO
Nombre geográfico Texas
Subdivisión general Descripción y viajes
9 (RLIN) 8017
651 #4 - PUNTO DE ACCESO ADICIONAL DE MATERIA--NOMBRE GEOGRÁFICO
Nombre geográfico México
Subdivisión general Descripción y viajes
9 (RLIN) 103
651 #4 - PUNTO DE ACCESO ADICIONAL DE MATERIA--NOMBRE GEOGRÁFICO
Nombre geográfico Sonora
Subdivisión general Descripción y viajes
9 (RLIN) 8194
651 #4 - PUNTO DE ACCESO ADICIONAL DE MATERIA--NOMBRE GEOGRÁFICO
Nombre geográfico California
Subdivisión general Descripción y viajes
9 (RLIN) 8195
902 ## - CATALOGADOR
Iniciales GFM
942 ## - ELEMENTOS DE PUNTO DE ACCESO ADICIONAL (KOHA)
Fuente del sistema de clasificación o colocación Library of Congress Classification
Tipo de ítem Koha Libros
Holdings
Estado de retiro Estado de pérdida Estado dañado No para préstamo Localización permanente Ubicación/localización actual Fecha de adquisición Número de inventario Total de préstamos Signatura topográfica completa Código de barras Fecha visto por última vez Precio válido a partir de Tipo de ítem Koha
El ejemplar forma parte de la colección y puede ser consultado según las políticas vigentes.       Biblioteca del Museo Franz Mayer (Rogerio Casas-Alatriste) Biblioteca del Museo Franz Mayer (Rogerio Casas-Alatriste) 16/12/2008 B101   F1211.V5 .M37 1843 (B101) 2942 22/03/2019 22/03/2019 Libros